Statistics for MLS Teams Quiz

Click here to take the quiz!

General Stats

  • This quiz has been taken 21 times
  • The average score is 16 of 22

Answer Stats

Teams% Correct
FC Dallas
94%
Houston Dynamo
94%
Real Salt Lake
94%
LA Galaxy
88%
Colorado Rapids
82%
New York Red Bulls
82%
San Jose Earthquakes
82%
Sporting Kansas City
82%
DC United
76%
Portland Timbers
76%
Seattle Sounders FC
76%
Toronto FC
76%
Chicago Fire
71%
Columbus Crew SC
71%
New England Revolution
65%
Atlanta United FC
59%
Minnesota United FC
59%
Montreal Impact
59%
New York City FC
59%
Philadelphia Union
59%
Vancouver Whitecaps FC
59%
Orlando City SC
53%

Score Distribution

Percentile by Number Answered

Percent of People with Each Score

Your Score History

You have not taken this quiz